[Event "Piestany Slovakia op-A"]
[Site "Piestany"]
[Date "2025.07.15"]
[Round "8"]
[White "Elias, David"]
[Black "Mikrut, Dariusz"]
[Result "1/2-1/2"]
[WhiteElo "2308"]
[BlackElo "2309"]
[PlyCount "103"]
[EventDate "2025.07.08"]
[EventType "swiss"]
[EventRounds "9"]
[EventCountry "SVK"]
[SourceTitle "CB29_2025"]
[SourceDate "2025.07.16"]
[SourceVersion "1"]
[SourceVersionDate "2025.07.16"]
[SourceQuality "1"]

1. d4 d5 2. c4 c6 3. Nf3 Nf6 4. Nc3 dxc4 5. a4 Bg4 6. Ne5 Bh5 7. Nxc4 e6 8. Qb3 Na6 9. Bg5 Nb4 10. a5 b5 11. axb6 axb6 12. Rd1 Be7 13. Bxf6 gxf6 14. g3 Bg6 15. Ne3 b5 16. Bg2 Qb6 17. 0-0 Rd8 18. Na2 Nxa2 19. Qxa2 0-0 20. Qb3 Rxd4 21. Rxd4 Qxd4 22. Bxc6 Rb8 23. Rd1 Qb6 24. Bf3 Rd8 25. Rxd8+ Bxd8 26. Qb4 Qa5 27. Qd6 Qc7 28. Qd4 Be7 29. Kg2 Qe5 30. Qd7 Bf8 31. h4 h5 32. b3 Bc5 33. Qxb5 Bxe3 34. Qe8+ Kg7 35. fxe3 Qxe3 36. Qb5 e5 37. b4 f5 38. Qd3 Qc1 39. Kf2 Qb2 40. Qc4 e4 41. Bg2 Qd2 42. b5 f4 43. gxf4 Qxf4+ 44. Kg1 Qe3+ 45. Kh1 Qf4 46. Qc3+ Kh7 47. b6 e3 48. Qe1 Be4 49. Bxe4+ Qxe4+ 50. Kh2 Kh6 51. Qg3 f6 52. b7 1/2-1/2

[Event "Piestany Slovakia op-A"]
[Site "Piestany"]
[Date "2025.07.14"]
[Round "7"]
[White "Karasek, Lukas"]
[Black "Mikrut, Dariusz"]
[Result "0-1"]
[WhiteElo "2218"]
[BlackElo "2309"]
[PlyCount "152"]
[EventDate "2025.07.08"]
[EventType "swiss"]
[EventRounds "9"]
[EventCountry "SVK"]
[SourceTitle "CB29_2025"]
[SourceDate "2025.07.16"]
[SourceVersion "1"]
[SourceVersionDate "2025.07.16"]
[SourceQuality "1"]

1. c4 g6 2. Nc3 Bg7 3. g3 Nf6 4. Bg2 0-0 5. Nf3 d6 6. 0-0 c6 7. d3 Re8 8. Rb1 d5 9. cxd5 cxd5 10. Bf4 d4 11. Nb5 Nd5 12. Be5 Bxe5 13. Nxe5 Nc7 14. Qa4 Ne6 15. Rfc1 f6 16. Nf3 Nc6 17. Rc4 Bd7 18. Rcc1 a6 19. Na3 b5 20. Qb3 Rc8 21. Qd5 Kg7 22. Bh3 Nf8 23. Bxd7 Qxd7 24. Qb3 Ne6 25. Nc2 Qd6 26. Nd2 f5 27. Ne1 Nc5 28. Qd1 e5 29. a3 h5 30. Rc2 h4 31. Rbc1 Ne6 32. Nef3 hxg3 33. hxg3 Rc7 34. Qf1 Rec8 35. Qg2 Ne7 36. Rxc7 Rxc7 37. Qf1 Kf6 38. Rxc7 Qxc7 39. Qd1 Nd5 40. Kg2 Qh7 41. Qc2 Qc7 42. Qd1 Qh7 43. Qe1 g5 44. Kg1 g4 45. Nh4 Ng5 46. Qc1 Qc7 47. Qxc7 Nxc7 48. e3 dxe3 49. fxe3 Nge6 50. Kf2 Nc5 51. Ke2 Na4 52. b3 Nc3+ 53. Kf2 Ne6 54. b4 Ng5 55. Ng2 Nh3+ 56. Kf1 Ke6 57. Nb3 Kd5 58. Nh4 f4 59. exf4 exf4 60. gxf4 Nxf4 61. Nc5 a5 62. Nf5 Kc6 63. Kf2 Nh5 64. Nd4+ Kd5 65. Nc2 a4 66. Ne3+ Kd4 67. Nc2+ Ke5 68. Ne3 g3+ 69. Kf3 Nb1 70. Kg4 Nf6+ 71. Kxg3 Nxa3 72. Nd1 Nb1 73. Kf3 Nd5 74. Ne4 a3 75. Nc5 a2 76. d4+ Kf5 0-1

[Event "Piestany Slovakia op-A"]
[Site "Piestany"]
[Date "2025.07.13"]
[Round "6"]
[White "Mikrut, Dariusz"]
[Black "Korobov, Anton"]
[Result "0-1"]
[WhiteElo "2309"]
[BlackElo "2631"]
[PlyCount "68"]
[EventDate "2025.07.08"]
[EventType "swiss"]
[EventRounds "9"]
[EventCountry "SVK"]
[SourceTitle "CB29_2025"]
[SourceDate "2025.07.16"]
[SourceVersion "1"]
[SourceVersionDate "2025.07.16"]
[SourceQuality "1"]

1. e4 c5 2. Nf3 d6 3. d4 cxd4 4. Nxd4 Nf6 5. Nc3 a6 6. Bc4 e6 7. Bb3 b5 8. Qf3 Bb7 9. a3 Nbd7 10. 0-0 Nc5 11. Re1 Nxb3 12. Nxb3 Be7 13. Bg5 h6 14. Bh4 0-0 15. Rad1 Qc7 16. Qd3 Rfd8 17. f3 Rac8 18. Re2 g5 19. Bf2 Nd7 20. Bd4 Ne5 21. Bxe5 dxe5 22. Qe3 Rxd1+ 23. Nxd1 a5 24. Qc3 Qxc3 25. Nxc3 a4 26. Nc1 b4 27. axb4 a3 28. Na4 Ba6 29. bxa3 Bxe2 30. Nxe2 Rxc2 31. Nac3 Bd8 32. Kf1 Bb6 33. a4 Bd4 34. Nb5 Rc4 0-1

[Event "Piestany Slovakia op-A"]
[Site "Piestany"]
[Date "2025.07.12"]
[Round "5"]
[White "Mikrut, Dariusz"]
[Black "Hros, Roman"]
[Result "1-0"]
[WhiteElo "2309"]
[BlackElo "2212"]
[PlyCount "100"]
[EventDate "2025.07.08"]
[EventType "swiss"]
[EventRounds "9"]
[EventCountry "SVK"]
[SourceTitle "CB29_2025"]
[SourceDate "2025.07.16"]
[SourceVersion "1"]
[SourceVersionDate "2025.07.16"]
[SourceQuality "1"]

1. e4 e6 2. d4 d5 3. Nc3 Nf6 4. e5 Ng8 5. Nce2 Bd7 6. Nf4 a6 7. Bd3 Bb5 8. Nf3 Bxd3 9. Qxd3 Qd7 10. Ng5 Nc6 11. c3 g6 12. h4 0-0-0 13. h5 Bg7 14. hxg6 hxg6 15. Rxh8 Bxh8 16. Qh3 Bg7 17. Qh7 Bh6 18. Nf3 Rf8 19. Nd3 Bxc1 20. Rxc1 Qe8 21. Kd2 f6 22. Qh2 g5 23. Qg3 Qh5 24. Re1 g4 25. Nf4 Qh6 26. Qxg4 fxe5 27. Qxe6+ Qxe6 28. Nxe6 Rf6 29. Neg5 e4 30. Nh3 exf3 31. Re8+ Kd7 32. Rxg8 Ne7 33. Rg3 fxg2 34. Rxg2 Nf5 35. Nf4 Nxd4 36. Nxd5 Nf3+ 37. Ke2 Rf7 38. Rg3 Ne5 39. Ne3 c5 40. Rg5 Kd6 41. Rf5 Re7 42. Rf6+ Kd7 43. Kd2 Kd8 44. Rf8+ Kd7 45. Rb8 Ke6 46. Rd8 Nf7 47. Rg8 Rd7+ 48. Ke2 Nd6 49. Rg6+ Kf7 50. Rh6 Kg7 1-0

[Event "Piestany Slovakia op-A"]
[Site "Piestany"]
[Date "2025.07.11"]
[Round "4"]
[White "Skreko, Igor1"]
[Black "Mikrut, Dariusz"]
[Result "1-0"]
[WhiteElo "2199"]
[BlackElo "2309"]
[PlyCount "79"]
[EventDate "2025.07.08"]
[EventType "swiss"]
[EventRounds "9"]
[EventCountry "SVK"]
[SourceTitle "CB29_2025"]
[SourceDate "2025.07.16"]
[SourceVersion "1"]
[SourceVersionDate "2025.07.16"]
[SourceQuality "1"]

1. d4 Nf6 2. c4 g6 3. Nc3 Bg7 4. e4 d6 5. Be2 0-0 6. Nf3 Nbd7 7. 0-0 e5 8. Qc2 c6 9. Rd1 Qe7 10. d5 c5 11. Bg5 h6 12. Bd2 Nh7 13. g3 Ng5 14. Nxg5 hxg5 15. g4 Nb8 16. Rab1 f5 17. f3 Rf7 18. a3 a5 19. Na4 Nd7 20. gxf5 gxf5 21. exf5 e4 22. fxe4 Bd4+ 23. Kh1 Rxf5 24. Bg4 Rf2 25. Be6+ Kh8 26. Rf1 Rxf1+ 27. Rxf1 Ne5 28. Rf5 Bxe6 29. dxe6 Rg8 30. Nb6 Qxe6 31. Nd5 Rg6 32. Be3 Nxc4 33. Bxg5 Rg7 34. Qg2 Kg8 35. Qf3 Qe8 36. Nf6+ Bxf6 37. Bxf6 Nd2 38. Qd3 Rg4 39. Qd5+ Kh7 40. Rh5+ 1-0

[Event "SVK-chT 2425"]
[Site "Slovakia"]
[Date "2025.02.15"]
[Round "5.7"]
[White "Mikrut, Dariusz"]
[Black "Stevik, Patrik1"]
[Result "1-0"]
[WhiteElo "2311"]
[BlackElo "2331"]
[PlyCount "97"]
[EventDate "2024.11.23"]
[EventType "team-tourn"]
[EventRounds "11"]
[EventCountry "SVK"]
[SourceTitle "CB14_2025"]
[SourceDate "2024.11.01"]
[SourceVersion "1"]
[SourceVersionDate "2024.11.01"]
[SourceQuality "1"]
[WhiteTeam "Liptov Chess School"]
[BlackTeam "Modra"]
[WhiteTeamCountry "SVK"]
[BlackTeamCountry "SVK"]

1. d4 d5 2. c4 e6 3. Nf3 Nf6 4. g3 Bb4+ 5. Bd2 a5 6. Qc2 0-0 7. Bg2 c5 8. cxd5 cxd4 9. Nxd4 Nxd5 10. 0-0 Na6 11. Nc3 Nb6 12. Nf3 Qe7 13. a3 Bc5 14. Ne4 Bd7 15. Nxc5 Nxc5 16. Be3 Rac8 17. Rac1 Nca4 18. Qb3 Nd5 19. Bd4 b6 20. Ne5 Nc5 21. Bxc5 bxc5 22. Nxd7 Qxd7 23. Rfd1 a4 24. Qc4 Qb7 25. Rd2 Qb6 26. Qxa4 Nf6 27. Qc4 h6 28. Bf3 e5 29. e3 Rfe8 30. h3 e4 31. Bg2 h5 32. Rcd1 Re5 33. b4 Rce8 34. Rd6 Qa7 35. Ra6 Qc7 36. b5 h4 37. b6 Qb8 38. g4 R8e7 39. a4 Rg5 40. Qe2 Re6 41. a5 Kh7 42. Ra7 Nxg4 43. hxg4 f5 44. Rd5 h3 45. Rxf5 Rxf5 46. gxf5 Rh6 47. Qg4 h2+ 48. Kh1 Qe5 49. Qxg7+ 1-0

[Event "Krakow op"]
[Site "Krakow"]
[Date "2024.06.25"]
[Round "5"]
[White "Backiel, Hubert"]
[Black "Mikrut, Dariusz"]
[Result "1-0"]
[WhiteElo "2200"]
[BlackElo "2309"]
[PlyCount "89"]
[EventDate "2024.06.22"]
[EventType "swiss"]
[EventRounds "9"]
[EventCountry "POL"]
[SourceTitle "CBM 220 Extra"]
[Source "ChessBase"]
[SourceDate "2024.07.31"]
[SourceVersion "1"]
[SourceVersionDate "2024.07.31"]
[SourceQuality "1"]

1. e4 e5 2. Nf3 Nc6 3. Bb5 a6 4. Ba4 Nf6 5. 0-0 Be7 6. Re1 b5 7. Bb3 d6 8. c3 0-0 9. h3 Nb8 10. d4 Nbd7 11. Nbd2 Bb7 12. Bc2 Re8 13. Nf1 Bf8 14. Ng3 g6 15. a4 Bg7 16. Bd3 c6 17. Bg5 h6 18. Be3 Qc7 19. Qd2 Kh7 20. dxe5 dxe5 21. c4 bxa4 22. c5 Nf8 23. Rxa4 Ne6 24. Rea1 Nd7 25. Qc3 Qc8 26. Qa3 Nc7 27. Bc4 Re7 28. Qb3 Ne6 29. Ra5 Ndf8 30. Qa2 Nd7 31. b4 Rb8 32. Rd1 Ndf8 33. Rb1 Nd7 34. Rd1 Ndf8 35. Rb1 Nd7 36. Ra1 Ndf8 37. Bd2 Rd7 38. Bc3 Qc7 39. Bxa6 Bxa6 40. Rxa6 Nf4 41. Ra7 Rb7 42. Rxb7 Qxb7 43. Bxe5 Bxe5 44. Nxe5 Re7 45. Qa8 1-0

[Event "POL Superleague Rapid"]
[Site "Poland"]
[Date "2023.10.16"]
[Round "13.3"]
[White "Kowalczyk, Pawel"]
[Black "Mikrut, Dariusz"]
[Result "0-1"]
[WhiteElo "2332"]
[BlackElo "2338"]
[PlyCount "104"]
[EventDate "2023.04.04"]
[EventType "team-tourn (rapid)"]
[EventRounds "14"]
[EventCountry "POL"]
[SourceTitle "EXT 2025"]
[Source "ChessBase"]
[SourceDate "2024.10.14"]
[SourceVersion "1"]
[SourceVersionDate "2024.10.14"]
[SourceQuality "1"]
[WhiteTeam "Pegow Wieza"]
[BlackTeam "Krakow Dwie Wieze"]
[WhiteTeamCountry "POL"]
[BlackTeamCountry "POL"]

1. e4 e5 2. d4 exd4 3. c3 d3 4. Bxd3 Nc6 5. Bc4 Nf6 6. Nf3 Nxe4 7. Bxf7+ Kxf7 8. Qd5+ Ke8 9. Qxe4+ Qe7 10. Qxe7+ Bxe7 11. Bf4 d6 12. 0-0 Rf8 13. Bg3 Bg4 14. Nbd2 Kd7 15. h3 Bh5 16. Rfe1 Rae8 17. Bh2 h6 18. g4 Bg6 19. Bg3 Bh7 20. Kg2 Bd8 21. Rxe8 Rxe8 22. Re1 Rxe1 23. Nxe1 a5 24. f4 Bg8 25. a3 b5 26. Kf3 a4 27. Bf2 Bf6 28. h4 Bd5+ 29. Ke3 g6 30. g5 Bg7 31. Kd3 Na5 32. Bd4 Bf8 33. Nc2 Nc4 34. Nxc4 Bxc4+ 35. Ke4 c5 36. Bf6 Ke6 37. Ne3 Ba2 38. Bh8 Bb1+ 39. Kf3 h5 40. c4 bxc4 41. Nxc4 d5 42. Ne3 Be4+ 43. Kg3 Bd6 44. Bf6 Bd3 45. Kf3 Bc7 46. Bg7 Be4+ 47. Kg3 Bd3 48. Kf3 d4 49. Nd1 Kf5 50. Bf8 Be4+ 51. Kf2 Bc2 52. Ke1 Ba5+ 0-1

[Event "POL Superleague Rapid"]
[Site "Poland"]
[Date "2023.10.16"]
[Round "14.3"]
[White "Mikrut, Dariusz"]
[Black "Kanarek, Marcel"]
[Result "0-1"]
[WhiteElo "2338"]
[BlackElo "2503"]
[PlyCount "126"]
[EventDate "2023.04.04"]
[EventType "team-tourn (rapid)"]
[EventRounds "14"]
[EventCountry "POL"]
[SourceTitle "EXT 2025"]
[Source "ChessBase"]
[SourceDate "2024.10.14"]
[SourceVersion "1"]
[SourceVersionDate "2024.10.14"]
[SourceQuality "1"]
[WhiteTeam "Krakow Dwie Wieze"]
[BlackTeam "Gorzow Wielkopolski Stilon"]
[WhiteTeamCountry "POL"]
[BlackTeamCountry "POL"]

1. d4 Nf6 2. c4 g6 3. Nc3 Bg7 4. e4 d6 5. f3 0-0 6. Be3 a6 7. Qd2 c6 8. Nge2 Nbd7 9. Bh6 e5 10. h4 b5 11. Bxg7 Kxg7 12. h5 bxc4 13. 0-0-0 Rb8 14. g4 Qe7 15. Ng3 exd4 16. Qxd4 Qe5 17. Qxd6 Ne8 18. Qxe5+ Nxe5 19. Be2 Nc7 20. Rh4 Ne6 21. Nh1 Nf4 22. Nf2 Nxe2+ 23. Nxe2 Nxf3 24. Rh3 Ne5 25. h6+ Kf6 26. Rg3 Be6 27. g5+ Ke7 28. Ra3 Rb6 29. Ra5 Nd7 30. e5 Rfb8 31. Rd2 Rb5 32. Nd4 Rxa5 33. Nxc6+ Ke8 34. Nxa5 Nxe5 35. Ne4 Nd3+ 36. Kb1 Kf8 37. Nd6 Rd8 38. Ndxc4 Bf5 39. Ka1 Re8 40. Rd1 Re1 41. Rxe1 Nxe1 42. b3 Nf3 43. Nc6 Nxg5 44. Nd6 Bh3 45. b4 Ne6 46. a4 g5 47. b5 axb5 48. axb5 Bg2 49. Ne5 f6 50. Ng4 Ke7 51. Nf5+ Kf7 52. Nge3 Bh1 53. b6 Kg6 54. b7 Bxb7 55. Nd6 Bf3 56. Ndf5 Be4 57. Ng3 Bd3 58. Kb2 Kxh6 59. Kc3 Bg6 60. Nd5 Kg7 61. Ne7 Kf7 62. Nc8 h5 63. Nd6+ Kg7 0-1